[Event "III Weekend INPS"]
[Site "Roma ITA"]
[Date "1998.04.??"]
[Round "7"]
[White "Manzanilla, Rufino"]
[Black "Vigile, Matteo"]
[Result "0-1"]
[WhiteElo "1726"]
[BlackElo "1774"]
[PlyCount "54"]
[EventDate "1998.04.??"]

1. Nf3 d6 2. b4 e5 3. Bb2 f5 4. d3 Be7 5. g3 Nf6 6. Bg2 O-O 7. Nbd2 Qe8 8. c4
Nbd7 9. a4 Bd8 10. Qb3 Kh8 11. O-O f4 12. Rac1 fxg3 13. fxg3 Ng4 14. e4 Ne3 15.
Rf2 Nxg2 16. Kxg2 Nf6 17. Re1 Qh5 18. d4 Bh3+ 19. Kg1 Ng4 20. Rfe2 Bg5 21. Nxg5
Qxg5 22. Qd3 Rf7 23. Rf1 Bxf1 24. Nxf1 Raf8 25. Re1 Qh5 26. Qe2 Rf2 27. Qd1
Rxf1+ 0-1

[Event "III Weekend INPS"]
[Site "Roma ITA"]
[Date "1998.04.??"]
[Round "7"]
[White "Marta, Daniele"]
[Black "Gaspero, Mario"]
[Result "1-0"]
[WhiteElo "1888"]
[BlackElo "1785"]
[PlyCount "115"]
[EventDate "1998.04.??"]

1. d4 Nf6 2. c4 e6 3. Nf3 b6 4. g3 Bb7 5. Bg2 Be7 6. O-O O-O 7. Nc3 Ne4 8. Qc2
Nxc3 9. Qxc3 f5 10. b3 d6 11. Bb2 Nd7 12. Ng5 Bxg5 13. Bxb7 Rb8 14. Bg2 Bf6 15.
Qc2 c5 16. Rad1 Qc7 17. e4 g6 18. Rfe1 Rbe8 19. dxc5 dxc5 20. exf5 exf5 21.
Rxe8 Rxe8 22. Rxd7 Qxd7 23. Bxf6 Re1+ 24. Bf1 Qd1 25. Qxd1 Rxd1 26. Kg2 Rd2 27.
a4 Rd1 28. Be2 Rb1 29. Bf3 Rxb3 30. Bc6 Rb4 31. Bb5 Rb3 32. Be5 Rb4 33. Bb8 a6
34. Bxa6 Rxa4 35. Bb5 Ra8 36. Bc7 Rc8 37. Bxb6 Kf7 38. Bd7 Rb8 39. Bxc5 Rb7 40.
Bb5 Ke6 41. Bd4 Rb8 42. Bc6 Kd6 43. Bd5 Rc8 44. h4 Rd8 45. Kf3 Rd7 46. Kf4 h6
47. h5 gxh5 48. Kxf5 Rd8 49. Kg6 h4 50. gxh4 Rf8 51. h5 Rf4 52. Be3 Rg4+ 53.
Kxh6 Ke5 54. Bg5 Kf5 55. f4 Rg1 56. Kg7 Ra1 57. h6 Ra7+ 58. Bf7 1-0

[Event "III Weekend INPS"]
[Site "Roma ITA"]
[Date "1998.04.??"]
[Round "7"]
[White "Ortega, Lexy"]
[Black "Ferretti, Folco"]
[Result "1-0"]
[WhiteElo "2475"]
[BlackElo "2270"]
[PlyCount "69"]
[EventDate "1998.04.??"]

1. d4 Nf6 2. Nf3 e6 3. Bf4 c5 4. e3 d5 5. c3 Nc6 6. Nbd2 Bd6 7. Bg3 O-O 8. Bd3
b6 9. Ne5 Bb7 10. f4 Ne7 11. Qf3 Ne8 12. Bh4 f5 13. g4 Nf6 14. Rg1 Bxe5 15.
fxe5 Ne4 16. gxf5 exf5 17. Nxe4 fxe4 18. Qg2 g6 19. Be2 Qe8 20. Bf6 Nf5 21. Qg5
Bc8 22. O-O-O Ng7 23. Rdf1 Be6 24. h4 cxd4 25. exd4 Bh3 26. Rf2 Qd7 27. h5 Bf5
28. h6 e3 29. Rf3 Be4 30. hxg7 Qa4 31. gxf8=Q+ Rxf8 32. Bd1 Qxa2 33. Rxe3 Qa1+
34. Kd2 Qxb2+ 35. Ke1 1-0

[Event "III Weekend INPS"]
[Site "Roma ITA"]
[Date "1998.04.??"]
[Round "7"]
[White "Passerotti, Pierluigi"]
[Black "Marzano, Carlo"]
[Result "1-0"]
[WhiteElo "2305"]
[BlackElo "2185"]
[PlyCount "99"]
[EventDate "1998.04.??"]

1. d4 g6 2. e4 Bg7 3. c4 d6 4. Ne2 e5 5. Nbc3 Nc6 6. Be3 exd4 7. Nxd4 Nge7 8.
Be2 O-O 9. O-O f5 10. Nxc6 bxc6 11. Bd4 Bxd4 12. Qxd4 c5 13. Qd2 fxe4 14. Nxe4
Rb8 15. Rad1 Bf5 16. Ng3 Bd7 17. Bf3 Nc6 18. Bd5+ Kg7 19. b3 Rb4 20. Ne4 Nd4
21. Qc3 c6 22. Rxd4 cxd4 23. Qxb4 cxd5 24. cxd5 d3 25. Qd4+ Kg8 26. Qxd3 Bf5
27. Re1 Qb6 28. Qe3 Qa5 29. Nxd6 Qxd5 30. Nxf5 Qxf5 31. Qe6+ Qxe6 32. Rxe6 Rd8
33. Kf1 Kf7 34. Ra6 Rd7 35. f3 Ke7 36. Ke2 Kf7 37. Ra4 Ke7 38. Ke3 Kf6 39. h4
Re7+ 40. Kf4 Rd7 41. g4 Rb7 42. Ra6+ Kf7 43. h5 Kg7 44. hxg6 hxg6 45. Kg5 Rb5+
46. Kh4 Rb7 47. f4 Rd7 48. a3 Rc7 49. b4 Re7 50. Kg5 1-0

[Event "III Weekend INPS"]
[Site "Roma ITA"]
[Date "1998.04.??"]
[Round "7"]
[White "Piancatelli, Marco"]
[Black "Scacco, Mauro"]
[Result "1-0"]
[WhiteElo "1822"]
[BlackElo "2050"]
[PlyCount "45"]
[EventDate "1998.04.??"]

1. e4 c5 2. Nf3 d6 3. d4 cxd4 4. Qxd4 Nc6 5. Bb5 Bd7 6. Bxc6 Bxc6 7. Nc3 Nf6 8.
Bg5 e6 9. O-O-O Be7 10. Rhe1 O-O 11. e5 dxe5 12. Qh4 Qc7 13. Nxe5 Rfe8 14. Kb1
Rac8 15. Rd3 Ne4 16. Bxe7 Qxe5 17. Nxe4 Bxe4 18. Rxe4 Qc7 19. Rc3 Qd7 20. Rd4
Qb5 21. Rdc4 Rxc4 22. Qxc4 Qd7 23. Bg5 1-0

[Event "III Weekend INPS"]
[Site "Roma ITA"]
[Date "1998.04.??"]
[Round "7"]
[White "Rossi De Gasperis, Pietro"]
[Black "De Vita, Igor"]
[Result "0-1"]
[WhiteElo "1704"]
[BlackElo "2125"]
[PlyCount "42"]
[EventDate "1998.04.??"]

1. e4 Nf6 2. e5 Nd5 3. c4 Nb6 4. d4 d6 5. f4 dxe5 6. fxe5 Nc6 7. c5 Nd5 8. Bb5
Bd7 9. Bc4 Bf5 10. a3 e6 11. Nf3 Nde7 12. Bg5 Bg4 13. O-O Qd7 14. Nc3 Nf5 15.
Bb5 h6 16. Bc1 Bxf3 17. Qxf3 Nfxd4 18. Qf4 Nxb5 19. Nxb5 Bxc5+ 20. Be3 Bxe3+
21. Qxe3 O-O 0-1

[Event "III Weekend INPS"]
[Site "Roma ITA"]
[Date "1998.04.??"]
[Round "7"]
[White "Scagliarini, Valentina"]
[Black "Ridolfi, Raffaele"]
[Result "1/2-1/2"]
[WhiteElo "1762"]
[BlackElo "1786"]
[PlyCount "62"]
[EventDate "1998.04.??"]

1. e4 c6 2. d4 d5 3. exd5 cxd5 4. c3 Nf6 5. Bd3 Nc6 6. Nf3 Bg4 7. Bf4 e6 8.
Nbd2 Be7 9. O-O O-O 10. Re1 a6 11. Be2 b5 12. a3 Re8 13. h3 Bh5 14. Nh4 Bxe2
15. Qxe2 Na5 16. Nhf3 Nc4 17. Nb3 Qb6 18. Ne5 a5 19. Nd3 Nd7 20. Bd2 Ra7 21. f4
Bh4 22. Rf1 a4 23. Nbc1 Nf6 24. Be1 Bxe1 25. Rxe1 Ne4 26. Nf2 Nxf2 27. Qxf2 Nd6
28. Nd3 Ne4 29. Qe3 Rc7 30. Nf2 f5 31. Nd3 Qd6 1/2-1/2

[Event "III Weekend INPS"]
[Site "Roma ITA"]
[Date "1998.04.??"]
[Round "7"]
[White "Simeoni, Matteo"]
[Black "Rossetti, Mauro"]
[Result "1/2-1/2"]
[WhiteElo "2035"]
[BlackElo "1912"]
[PlyCount "75"]
[EventDate "1998.04.??"]

1. e4 e6 2. d4 d5 3. Nc3 dxe4 4. Nxe4 Nd7 5. Nf3 Ngf6 6. Nxf6+ Nxf6 7. Bd3 c5
8. O-O cxd4 9. Nxd4 Be7 10. Re1 O-O 11. Nf3 b6 12. Qe2 Bb7 13. Bd2 Rc8 14. Rad1
Qc7 15. Bc3 Qf4 16. Ne5 Qh4 17. Bc4 Bc5 18. Bb3 Bd5 19. Bxd5 Nxd5 20. Bd2 Rfe8
21. Bc1 a5 22. g3 Qf6 23. c4 Nb4 24. b3 Nc6 25. Nd7 Qf5 26. Nxc5 bxc5 27. Bb2
Red8 28. Qe3 Qc2 29. Rxd8+ Rxd8 30. Qxc5 Qxb2 31. Qxc6 Qxa2 32. Qc7 Qd2 33. Re2
Qd1+ 34. Kg2 g6 35. Ra2 Rd3 36. Qb7 Rxb3 37. Qa8+ Kg7 38. Rxa5 1/2-1/2

[Event "III Weekend INPS"]
[Site "Roma ITA"]
[Date "1998.04.??"]
[Round "7"]
[White "Vannelli, Vittorio"]
[Black "Vargiu, Antonio"]
[Result "1-0"]
[WhiteElo "1735"]
[BlackElo "1701"]
[PlyCount "47"]
[EventDate "1998.04.??"]

1. e4 e6 2. d4 d5 3. Nc3 Bb4 4. e5 c5 5. a3 Bxc3+ 6. bxc3 Ne7 7. Bd3 O-O 8. Nf3
Ng6 9. h4 h6 10. h5 Ne7 11. dxc5 Nbc6 12. Qe2 Qa5 13. Bd2 Qxc5 14. O-O Na5 15.
Nd4 Nc4 16. Bxh6 gxh6 17. Qg4+ Kh8 18. Qf4 Kg7 19. Qf6+ Kg8 20. Qxh6 Nf5 21.
Qg5+ Kh8 22. Qf6+ Kg8 23. h6 Nxh6 24. Qg5+ 1-0

[Event "III Weekend INPS"]
[Site "Roma ITA"]
[Date "1998.04.??"]
[Round "8"]
[White "Catena, Marco"]
[Black "Picciotti, Francesco"]
[Result "1/2-1/2"]
[WhiteElo "1723"]
[BlackElo "1600"]
[PlyCount "99"]
[EventDate "1998.04.??"]

1. d4 d5 2. Nf3 Nf6 3. Bf4 e6 4. Nbd2 c5 5. e3 Nc6 6. c3 Bd6 7. Bg5 h6 8. Bh4
O-O 9. Bd3 Re8 10. O-O e5 11. dxe5 Nxe5 12. Nxe5 Bxe5 13. Qa4 Bd7 14. Qc2 Qe7
15. e4 g5 16. Bg3 Bxg3 17. hxg3 dxe4 18. Nxe4 Nxe4 19. Rfe1 f5 20. f3 c4 21.
Bxc4+ Kh8 22. b4 Bc6 23. Bd3 Rad8 24. g4 Qd6 25. Rad1 Nf6 26. Rxe8+ Nxe8 27.
gxf5 Bb5 28. Be2 Qb6+ 29. Kh1 Rxd1+ 30. Qxd1 Qd6 31. Qc2 Bxe2 32. Qxe2 Nf6 33.
Qc4 Kg7 34. Qc8 Qc6 35. Qd8 Qd7 36. Qa5 b6 37. Qe5 Kf7 38. a3 g4 39. c4 gxf3
40. gxf3 Qd1+ 41. Kg2 Qd2+ 42. Kh3 Qd7 43. Kg2 Qc6 44. Qf4 Ng8 45. Qh4 Ne7 46.
Qh5+ Kg7 47. Qg4+ Kf6 48. Qh4+ Kf7 49. Qh5+ Kg7 50. Qg4+ 1/2-1/2

[Event "III Weekend INPS"]
[Site "Roma ITA"]
[Date "1998.04.??"]
[Round "8"]
[White "Chiaretti, Roberto"]
[Black "Marta, Daniele"]
[Result "1-0"]
[WhiteElo "2180"]
[BlackElo "1888"]
[PlyCount "161"]
[EventDate "1998.04.??"]

1. Nf3 Nf6 2. g3 g6 3. b3 Bg7 4. Bb2 O-O 5. Bg2 d6 6. d4 c6 7. O-O Nbd7 8. Nbd2
Qc7 9. c4 e5 10. Qc2 Re8 11. e4 exd4 12. Nxd4 a5 13. Rad1 Nc5 14. Rfe1 Bd7 15.
f3 Rad8 16. Nf1 Qc8 17. Ne3 Bh3 18. Bc3 Bxg2 19. Kxg2 Qc7 20. Qb2 Nh5 21. Ndc2
Qe7 22. Bxg7 Nxg7 23. Ng4 Nd7 24. Nh6+ Kf8 25. Ne3 Qe5 26. Qd2 Nf6 27. Neg4
Nxg4 28. Nxg4 Qe6 29. Qxa5 h5 30. Ne3 Ra8 31. Qd2 h4 32. a4 Rad8 33. Qa5 Qf6
34. Rd3 h3+ 35. Kf2 Rxe4 36. Qc3 Qxc3 37. Rxc3 Rd4 38. Nc2 Rd2+ 39. Re2 Rxe2+
40. Kxe2 d5 41. cxd5 Rxd5 42. Ne3 Re5 43. Kf2 Ne6 44. b4 Ke7 45. Rd3 Nc7 46.
Rd4 g5 47. Nc4 Rd5 48. Ke3 b5 49. Nb6 Re5+ 50. Kf2 bxa4 51. Rd7+ Ke6 52. Rxc7
Kd6 53. Rxf7 Rb5 54. Nxa4 Rxb4 55. Rf6+ Ke5 56. Rxc6 Rxa4 57. Rc5+ Kf6 58. g4
Ra8 59. Kg3 Rh8 60. Rc6+ Kf7 61. Ra6 Kg7 62. Ra5 Kg6 63. Rf5 Rh7 64. Rf8 Kg7
65. Ra8 Rh4 66. Ra7+ Kf6 67. Ra6+ Kg7 68. f4 Rh8 69. f5 Rd8 70. Rg6+ Kf7 71.
Rxg5 Rd3+ 72. Kh4 Rf3 73. Rg6 Kf8 74. Rh6 Kf7 75. Kg5 Kg7 76. Rh5 Rc3 77. f6+
Kg8 78. Kg6 Rc6 79. Rxh3 Rd6 80. g5 Re6 81. Ra3 1-0

[Event "III Weekend INPS"]
[Site "Roma ITA"]
[Date "1998.04.??"]
[Round "8"]
[White "D'Andrea, Stefano"]
[Black "Manzanilla, Rufino"]
[Result "1-0"]
[WhiteElo "1663"]
[BlackElo "1726"]
[PlyCount "47"]
[EventDate "1998.04.??"]

1. e4 Nf6 2. e5 Nd5 3. c4 Nb6 4. d4 d6 5. f4 dxe5 6. fxe5 Bg4 7. Qxg4 Nc6 8.
Nf3 e6 9. Be2 Qd7 10. O-O O-O-O 11. Be3 h5 12. Qe4 Be7 13. Nc3 h4 14. Rad1 h3
15. g3 Qe8 16. d5 Nb8 17. Nd4 Bc5 18. Ndb5 N8d7 19. Bxc5 Nxc5 20. Qe3 a6 21.
Nxc7 Qe7 22. d6 Qd7 23. Qxc5 Qc6 24. Qxc6 1-0

[Event "III Weekend INPS"]
[Site "Roma ITA"]
[Date "1998.04.??"]
[Round "8"]
[White "Ferretti, Folco"]
[Black "Corvi, Marco"]
[Result "1/2-1/2"]
[WhiteElo "2270"]
[BlackElo "2320"]
[PlyCount "26"]
[EventDate "1998.04.??"]

1. e4 c5 2. Nf3 e6 3. c3 Nf6 4. e5 Nd5 5. d4 cxd4 6. cxd4 b6 7. Nc3 Nxc3 8.
bxc3 Qc7 9. Bd2 Bb7 10. Bd3 d6 11. O-O Nd7 12. Re1 dxe5 13. Nxe5 Nxe5 1/2-1/2

[Event "III Weekend INPS"]
[Site "Roma ITA"]
[Date "1998.04.??"]
[Round "8"]
[White "Gaspero, Mario"]
[Black "Vannelli, Vittorio"]
[Result "0-1"]
[WhiteElo "1785"]
[BlackElo "1735"]
[PlyCount "120"]
[EventDate "1998.04.??"]

1. e4 e5 2. Nf3 Nc6 3. Bb5 a6 4. Ba4 Nf6 5. d3 d6 6. c3 Be7 7. O-O O-O 8. h3
Nb8 9. Be3 c5 10. Nbd2 b5 11. Bc2 Nc6 12. a4 Bd7 13. axb5 axb5 14. Qe2 Qc7 15.
Nb3 Be6 16. d4 Bc4 17. Qd2 Bxf1 18. Rxf1 cxd4 19. cxd4 Nxd4 20. Nbxd4 exd4 21.
Nxd4 Qb7 22. f3 d5 23. e5 Nd7 24. f4 Bc5 25. Nf5 Bxe3+ 26. Nxe3 Nc5 27. Kh2
Rac8 28. Nf5 Qd7 29. Nd6 Rc7 30. Qxd5 Qe6 31. Qf3 b4 32. Qg3 f5 33. Qg5 Ne4 34.
Nxe4 Rxc2 35. Ng3 Rxb2 36. Ra1 b3 37. Ra7 Qg6 38. Qe7 Ra2 39. Rd7 b2 40. Qb4
Ra3 41. Ne2 Qc6 42. Rb7 Qd5 43. Rb5 Qd3 44. Qxb2 Rc8 45. Rb8 Ra8 46. Rxa8 Rxa8
47. Qb7 Qe4 48. Qb3+ Kh8 49. Qb2 h5 50. Qd2 h4 51. Ng1 g5 52. Nf3 gxf4 53. Nxh4
Rg8 54. Nf3 Qe3 55. Qd5 Qf2 56. Nd4 Qg3+ 57. Kh1 f3 58. Qxf3 Qe1+ 59. Kh2 Qxe5+
60. Kh1 Qxd4 0-1

[Event "III Weekend INPS"]
[Site "Roma ITA"]
[Date "1998.04.??"]
[Round "8"]
[White "Iatrino, Vincenzo"]
[Black "Cerasi, Umberto"]
[Result "1-0"]
[WhiteElo "1740"]
[BlackElo "1920"]
[PlyCount "25"]
[EventDate "1998.04.??"]

1. e4 d6 2. d4 Nf6 3. Nc3 g6 4. Nf3 Bg7 5. Bc4 Nc6 6. h3 O-O 7. Be3 a6 8. a4 e5
9. O-O Rb8 10. dxe5 Nxe5 11. Nxe5 dxe5 12. Qf3 Qe8 13. Bc5 1-0

[Event "III Weekend INPS"]
[Site "Roma ITA"]
[Date "1998.04.??"]
[Round "8"]
[White "Marzano, Carlo"]
[Black "De Vita, Igor"]
[Result "1-0"]
[WhiteElo "2185"]
[BlackElo "2125"]
[PlyCount "114"]
[EventDate "1998.04.??"]

1. d4 Nf6 2. Nf3 g6 3. c4 Bg7 4. Nc3 O-O 5. e4 d6 6. Be2 Nbd7 7. Bg5 e5 8. d5
h6 9. Bh4 g5 10. Bg3 Nh5 11. Nd2 Nf4 12. O-O a5 13. Bg4 Nc5 14. f3 Ncd3 15. Qc2
Bd7 16. a3 a4 17. Bxf4 Nxf4 18. g3 Ng6 19. Nd1 Ne7 20. Ne3 b6 21. Kg2 Qc8 22.
Rf2 f5 23. Bxf5 Nxf5 24. Nxf5 Bxf5 25. exf5 Rxf5 26. g4 Rf4 27. Ne4 Qa6 28. Rc1
Raf8 29. Rh1 Bf6 30. Rc1 Bg7 31. h3 R8f7 32. Rh1 Bf6 33. Rc1 Bg7 34. Qd1 Bh8
35. Qc2 Bg7 36. Ng3 e4 37. Nxe4 Bd4 38. Rff1 Qc8 39. Ng3 Qf8 40. Nf5 Be5 41.
Rb1 R7xf5 42. gxf5 Rxf5 43. Rbe1 Qf7 44. Re4 Qd7 45. Rf2 Kg7 46. Qd1 Qe8 47.
Qc2 Qd7 48. Qe2 Qf7 49. Qc2 Qd7 50. b3 axb3 51. Qxb3 Qe8 52. Qc2 Qg6 53. Qe2
Qh5 54. Rg4 Qf7 55. Re4 Qf6 56. Rf1 Kf7 57. Rf2 h5 {...} 1-0

[Event "III Weekend INPS"]
[Site "Roma ITA"]
[Date "1998.04.??"]
[Round "8"]
[White "Passerotti, Pierluigi"]
[Black "Ortega, Lexy"]
[Result "1/2-1/2"]
[WhiteElo "2305"]
[BlackElo "2475"]
[PlyCount "23"]
[EventDate "1998.04.??"]

1. d4 d5 2. c4 e6 3. Nc3 c6 4. cxd5 exd5 5. Nf3 Bd6 6. Bg5 Ne7 7. e3 Bf5 8. Bd3
f6 9. Bh4 Nd7 10. Bg3 Nb6 11. Qc2 Bxd3 12. Qxd3 1/2-1/2

[Event "III Weekend INPS"]
[Site "Roma ITA"]
[Date "1998.04.??"]
[Round "8"]
[White "Piancatelli, Marco"]
[Black "Farina, Saverio"]
[Result "1-0"]
[WhiteElo "1822"]
[BlackElo "2200"]
[PlyCount "113"]
[EventDate "1998.04.??"]

1. e4 e6 2. d4 d5 3. e5 c5 4. c3 Qb6 5. Nf3 Nc6 6. Be2 cxd4 7. cxd4 Nh6 8. Nc3
Nf5 9. Na4 Qa5+ 10. Bd2 Bb4 11. Bc3 b5 12. a3 Bxc3+ 13. Nxc3 b4 14. axb4 Qxb4
15. Qa4 Bd7 16. Qxb4 Nxb4 17. Kd2 O-O 18. Rhc1 Rfb8 19. Na4 Nc6 20. Kc3 Ncxd4
21. Nxd4 Nxd4 22. Kxd4 Rb4+ 23. Kc3 Rxa4 24. Rxa4 Bxa4 25. Kb4 Be8 26. Ka5 g6
27. Rc7 Kg7 28. b4 d4 29. f4 a6 30. Bxa6 d3 31. Rc1 d2 32. Rd1 Rd8 33. b5 Rd5
34. Kb4 f6 35. b6 fxe5 36. b7 Rd8 37. fxe5 Bc6 38. Kc3 Rb8 39. Rxd2 Kh6 40. Rb2
Kg5 41. Kd4 h5 42. Kc5 Bxb7 43. Bxb7 Rd8 44. Rf2 h4 45. h3 Rd7 46. Bc6 Rd1 47.
Be4 Re1 48. Kd4 Rd1+ 49. Bd3 Kh5 50. Ke3 Kg5 51. Rf6 Re1+ 52. Kd4 Rd1 53. Rxg6+
Kh5 54. Rxe6 Rd2 55. Re8 Kh6 56. e6 Rxg2 57. e7 1-0

[Event "III Weekend INPS"]
[Site "Roma ITA"]
[Date "1998.04.??"]
[Round "8"]
[White "Pierangeli, Andrea"]
[Black "Di Lascio, Savino"]
[Result "1/2-1/2"]
[WhiteElo "1810"]
[BlackElo "1864"]
[PlyCount "83"]
[EventDate "1998.04.??"]

1. e4 c6 2. d4 d5 3. e5 Bf5 4. Bd3 Bxd3 5. Qxd3 e6 6. Ne2 c5 7. c3 Nc6 8. O-O
Rc8 9. f4 Qb6 10. dxc5 Bxc5+ 11. Kh1 Nh6 12. Nd2 O-O 13. Nb3 Nf5 14. Nxc5 Qxc5
15. Ng3 Nce7 16. Nxf5 Nxf5 17. g4 Ne7 18. Be3 Qa5 19. Bd4 Nc6 20. f5 Nxd4 21.
cxd4 Qb6 22. b3 Qc6 23. fxe6 fxe6 24. Rxf8+ Rxf8 25. Kg2 Rc8 26. Rf1 b5 27. Qf3
Qc2+ 28. Rf2 Qg6 29. h4 h5 30. Kh3 hxg4+ 31. Qxg4 Rc3+ 32. Rf3 Qxg4+ 33. Kxg4
Rxf3 34. Kxf3 b4 35. Kg4 Kh7 36. Kg5 a6 37. Kh5 g6+ 38. Kg5 Kg7 39. h5 gxh5 40.
Kxh5 Kh7 41. Kg5 Kg7 42. Kh5 1/2-1/2

[Event "III Weekend INPS"]
[Site "Roma ITA"]
[Date "1998.04.??"]
[Round "8"]
[White "Quimi, Marco"]
[Black "Simeoni, Matteo"]
[Result "1-0"]
[WhiteElo "2225"]
[BlackElo "2035"]
[PlyCount "73"]
[EventDate "1998.04.??"]

1. e4 c5 2. Nc3 Nc6 3. f4 g6 4. Nf3 Bg7 5. Bc4 e6 6. O-O Nge7 7. Qe1 Nd4 8.
Nxd4 Bxd4+ 9. Kh1 a6 10. a4 Bg7 11. d3 O-O 12. e5 d6 13. exd6 Qxd6 14. Ne4 Qc7
15. c3 b6 16. Qf2 Bb7 17. Ba2 Rad8 18. a5 Bxe4 19. dxe4 Rd6 20. axb6 Rxb6 21.
Bc4 Qb7 22. Re1 Nc8 23. e5 Rd8 24. b3 Bf8 25. Be3 Rc6 26. h3 Na7 27. Red1 Rxd1+
28. Rxd1 Be7 29. Rd3 Nc8 30. f5 Nb6 31. f6 Bf8 32. Rd8 Nxc4 33. Bxc5 Rc8 34.
Rxf8+ Rxf8 35. Qf4 Kh8 36. Qh6 Rg8 37. Bf8 1-0

[Event "III Weekend INPS"]
[Site "Roma ITA"]
[Date "1998.04.??"]
[Round "8"]
[White "Ridolfi, Raffaele"]
[Black "De Vita, Gianni"]
[Result "0-1"]
[WhiteElo "1786"]
[BlackElo "2160"]
[PlyCount "102"]
[EventDate "1998.04.??"]

1. d4 Nf6 2. c4 c5 3. d5 b5 4. cxb5 a6 5. e3 g6 6. Nc3 d6 7. Nf3 Bg7 8. Be2 O-O
9. O-O Nbd7 10. e4 axb5 11. Bxb5 Qb6 12. Qc2 Ba6 13. a4 Rfb8 14. Re1 Bxb5 15.
Nxb5 Ne8 16. Rb1 Nc7 17. Nxc7 Qxc7 18. b3 Rc8 19. Be3 Qa5 20. Nd2 Qc3 21. Rec1
Qxc2 22. Rxc2 Rcb8 23. f3 Ne5 24. Kf2 Nd3+ 25. Ke2 Nb4 26. Rcc1 Na2 27. Kd3
Nxc1+ 28. Rxc1 Bb2 29. Rb1 Ba3 30. Kc2 Bb4 31. Nc4 Rd8 32. Bg5 Ra7 33. Rd1 Kg7
34. e5 f6 35. exf6+ exf6 36. Bf4 Rad7 37. Nb6 Re7 38. Kd3 g5 39. Bxd6 Rxd6 40.
Nc8 Rxd5+ 41. Kc4 Rxd1 42. Nxe7 Rd4+ 43. Kb5 Rd3 44. a5 Bxa5 45. Kxa5 Rxb3 46.
Ka4 Rb2 47. Nf5+ Kg6 48. Ne3 h5 49. Ka3 Re2 50. Nd5 Rxg2 51. f4 Rxh2 0-1

[Event "III Weekend INPS"]
[Site "Roma ITA"]
[Date "1998.04.??"]
[Round "8"]
[White "Scacco, Mauro"]
[Black "Micaloni, Mario"]
[Result "1-0"]
[WhiteElo "2050"]
[BlackElo "1705"]
[PlyCount "55"]
[EventDate "1998.04.??"]

1. d4 Nf6 2. Nf3 g6 3. Nbd2 Bg7 4. e4 d6 5. Bd3 Bg4 6. h3 Bd7 7. Qe2 b6 8. O-O
O-O 9. Re1 Qc8 10. Nf1 Nc6 11. c3 Nh5 12. Ba6 Qb8 13. g4 Nf6 14. Bf4 Nd8 15. e5
Nd5 16. Bh2 Ne6 17. Qd2 Bc6 18. Be2 dxe5 19. Nxe5 Bxe5 20. Bxe5 Bb7 21. Bd3 Nf6
22. Qh6 Ng7 23. Ng3 Qd8 24. Rad1 Qd7 25. f4 Rad8 26. f5 Nfe8 27. Nh5 f6 28.
fxg6 1-0

[Event "III Weekend INPS"]
[Site "Roma ITA"]
[Date "1998.04.??"]
[Round "8"]
[White "Simeone, Giulio"]
[Black "Scagliarini, Valentina"]
[Result "1-0"]
[WhiteElo "1717"]
[BlackElo "1762"]
[PlyCount "50"]
[EventDate "1998.04.??"]

1. c4 e6 2. e4 d5 3. cxd5 exd5 4. exd5 Nf6 5. Bb5+ Bd7 6. Bc4 Bd6 7. Ne2 O-O 8.
Nbc3 Bg4 9. O-O Nbd7 10. f3 Nb6 11. Bb3 Bf5 12. d4 Bb4 13. Bg5 Be7 14. Bxf6
Bxf6 15. Ng3 Bg6 16. Nge4 Be7 17. Nc5 Rb8 18. Re1 Nc8 19. Qd2 Nd6 20. Nd3 Re8
21. Ne5 Nf5 22. Ne4 Bd6 23. Nc5 Bf8 24. Ned7 Bxc5 25. Nxc5 b6 1-0

[Event "III Weekend INPS"]
[Site "Roma ITA"]
[Date "1998.04.??"]
[Round "8"]
[White "Spano' Cuomo, Gaetano"]
[Black "Rossi De Gasperis, Pietro"]
[Result "1-0"]
[WhiteElo "1866"]
[BlackElo "1704"]
[PlyCount "61"]
[EventDate "1998.04.??"]

1. e4 e6 2. d4 c5 3. c3 d5 4. e5 Qb6 5. Nf3 Nc6 6. Be2 cxd4 7. cxd4 Nge7 8. b3
Nf5 9. Bb2 Bb4+ 10. Kf1 Bd7 11. g4 Nh6 12. h3 Be7 13. Nc3 f6 14. exf6 gxf6 15.
Na4 Qd8 16. Nc5 b6 17. Nxd7 Qxd7 18. g5 fxg5 19. Bb5 Nf7 20. Rc1 Rc8 21. Qc2
Nfd8 22. Ne5 Qd6 23. Nxc6 Kf8 24. Kg2 Bf6 25. Rhe1 a6 26. Qe2 axb5 27. Nxd8
Rxc1 28. Nxe6+ Kf7 29. Bxc1 h6 30. Qh5+ Ke7 31. Nc5+ 1-0

[Event "III Weekend INPS"]
[Site "Roma ITA"]
[Date "1998.04.??"]
[Round "8"]
[White "Vargiu, Antonio"]
[Black "Vigile, Matteo"]
[Result "1/2-1/2"]
[WhiteElo "1701"]
[BlackElo "1774"]
[PlyCount "36"]
[EventDate "1998.04.??"]

1. e4 e5 2. Nf3 Nc6 3. d4 exd4 4. Nxd4 Nf6 5. Nxc6 bxc6 6. e5 Qe7 7. Qe2 Nd5 8.
g3 g5 9. Nd2 Bg7 10. Ne4 h6 11. h4 gxh4 12. Rxh4 Qxe5 13. Nd6+ Kf8 14. Re4 Ba6
15. Rxe5 Bxe2 16. Rxe2 cxd6 17. Bh3 Nc3 18. Re3 Nd5 1/2-1/2

[Event "III Festival"]
[Site "Sorrento ITA"]
[Date "1998.12.??"]
[Round "?"]
[White "Caracci, Giuseppe"]
[Black "Rago, Riccardo"]
[Result "1/2-1/2"]
[WhiteElo "1890"]
[BlackElo "2195"]
[PlyCount "46"]
[EventDate "1998.12.29"]

1. d4 Nf6 2. c4 g6 3. Nc3 Bg7 4. e4 O-O 5. f3 d6 6. Be3 c6 7. Qd2 Na6 8. h4 h5
9. Bh6 e5 10. Bxg7 Kxg7 11. Nge2 Qa5 12. Nc1 exd4 13. Qxd4 Nb4 14. Bd3 Qe5 15.
Qxe5 dxe5 16. a3 Na6 17. Nb3 Be6 18. O-O-O Rad8 19. Be2 Rxd1+ 20. Rxd1 Bc8 21.
c5 Nc7 22. Bc4 Ne6 23. Bxe6 Bxe6 1/2-1/2

[Event "III Festival"]
[Site "Sorrento ITA"]
[Date "1998.12.??"]
[Round "?"]
[White "Pitschka, Claus"]
[Black "Rago, Riccardo"]
[Result "1/2-1/2"]
[WhiteElo "2250"]
[BlackElo "2195"]
[PlyCount "37"]
[EventDate "1998.12.29"]

1. d4 d5 2. Nf3 Nf6 3. Bg5 c6 4. Nbd2 e6 5. e3 Be7 6. Bd3 Nbd7 7. c4 O-O 8. O-O
Re8 9. Rc1 Nf8 10. Ne5 N6d7 11. Bxe7 Qxe7 12. Nef3 Nf6 13. e4 dxe4 14. Nxe4
Nxe4 15. Bxe4 Nd7 16. Re1 Nf6 17. Bb1 b6 18. Rc3 Bb7 19. h3 1/2-1/2

[Event "III Festival"]
[Site "Sorrento ITA"]
[Date "1998.12.??"]
[Round "5"]
[White "Accardo, Francesco"]
[Black "Bondielli, Giorgio"]
[Result "0-1"]
[WhiteElo "1757"]
[BlackElo "1792"]
[PlyCount "59"]
[EventDate "1998.12.29"]

1. e4 c5 2. Nc3 d6 3. f4 g6 4. Bc4 Nc6 5. Nf3 Bg7 6. a3 Nf6 7. O-O O-O 8. d3
Bg4 9. Ne2 Qc7 10. c3 Rad8 11. Ba2 b5 12. Qe1 c4 13. Bb1 Na5 14. d4 Nb3 15. Ra2
Qb7 16. Ng3 Nxc1 17. Qxc1 h5 18. Qc2 Bxf3 19. gxf3 Bh6 20. Ne2 Kh7 21. f5 Rg8
22. Kh1 g5 23. d5 Rg7 24. Nd4 Rdg8 25. a4 g4 26. b3 gxf3 27. axb5 cxb3 28. Qxb3
Qb6 29. Raf2 Be3 30. Rxf3 0-1

[Event "III Festival"]
[Site "Sorrento ITA"]
[Date "1998.12.??"]
[Round "5"]
[White "Femiano, Andrea"]
[Black "Schott, Raimund"]
[Result "0-1"]
[WhiteElo "2215"]
[BlackElo "2070"]
[PlyCount "52"]
[EventDate "1998.12.29"]

1. e4 c6 2. d4 d5 3. Nc3 dxe4 4. Nxe4 Nf6 5. Nxf6+ gxf6 6. Bf4 Bf5 7. Ne2 e6 8.
Ng3 Bg6 9. h4 h5 10. Be2 Bd6 11. Bxd6 Qxd6 12. Nxh5 Nd7 13. Ng3 O-O-O 14. Qd2
f5 15. O-O-O f4 16. h5 Bh7 17. Nf1 Rhg8 18. Bf3 Nb6 19. Qc3 Rg5 20. Kb1 Rb5 21.
b3 Na4 22. Qa1 Qb4 23. Kc1 Qa3+ 24. Kd2 Nb2 25. c4 Rxd4+ 26. Kc3 Nxd1+ 0-1

[Event "III Festival"]
[Site "Sorrento ITA"]
[Date "1998.12.??"]
[Round "5"]
[White "Schott, Raimund"]
[Black "Franceschi, Riccardo"]
[Result "1-0"]
[WhiteElo "2070"]
[BlackElo "1836"]
[PlyCount "43"]
[EventDate "1998.12.29"]

1. c4 c6 2. e4 d5 3. exd5 cxd5 4. d4 Nf6 5. Nc3 e6 6. Nf3 Nc6 7. c5 Ne4 8. Bb5
Nxc3 9. bxc3 Qa5 10. Qb3 Bd7 11. O-O Be7 12. Bf4 b6 13. cxb6 Qxb6 14. Rab1 O-O
15. Qc2 h6 16. Qd2 Qd8 17. Rfe1 g5 18. Bg3 Bf6 19. Bd3 g4 20. Qxh6 Re8 21. Bh7+
Kh8 22. Bg6+ 1-0